000 01390nam a2200253Ia 4500
003 Ost
005 20260507075549.0
008 260507s9999||||xx |||||||||||||| ||und||
020 _a9774083091
040 _cfsecg
041 _aara
082 _a333.5
100 _aكيندي، دانييل
_eمؤلف
245 0 _aفن بيع العقارات /
_c دانييل كيندي
246 _aDouble Your Income In Estate Sales
250 _aطبعة 3
260 _aالقاهرة:
_bدار الفاروق للنشر والتوزيع,
_c2006
300 _a312 صفحة؛
_bإيضاحات ؛
_c24 سم
490 _aسلسلة مهارات التسويق الحديثة
520 _aيضم أهمية قوة الإدارة، الموازنة بين الحياة العملية والشخصية، الإستثمار في مجال العقارات، الإدارة القيادية الحكيمة في الشركات العقارية، شبكات التسويق وكيفية بناء سمعة طبية، كيفية التغلب على المنافسة، أساليب ترويجية سريعة لزيادة الدخل، الخطة المثالية لجذب المشتري، اتمام صفقات وزيادة الدخل، كيفية اثبات قدرات السمسار المهنية
653 _aالباعة وفن البيع
653 _aالعقارات
942 _cكتاب
999 _c44904
_d44904